La casa del terror. Abre la puerta. (Registro nro. 2869)
[ vista simple ]
| 000 -LEADER | |
|---|---|
| fixed length control field | 01235nam a2200205 a 4500 |
| 008 - CAMPO DE CONTROL (LIBRO) | |
| fixed length control field | 190917t2001 sp |||g |||| 001 0 spa d |
| 020 ## - INTERNATIONAL STANDARD BOOK NUMBER | |
| ISBN | 8484411125 |
| 041 ## - CODIGO DE IDIOMA | |
| Código de idioma del texto/pista de sonido o título separado | spa |
| 092 ## - SIGNATURA TOPOGRAFICA DEWEY LOCAL | |
| número de clasificación | 808 |
| libristica | 81 |
| sección | STI |
| 100 1# - ENTRADA PRINCIPAL--NOMBRE PERSONAL | |
| Nombre personal | Stine, R. L. |
| 9 (RLIN) | 4016 |
| 245 3# - TITULO PROPIAMENTE DICHO | |
| Título | La casa del terror. Abre la puerta. |
| Subtítulo y Título paralelo | Querido diario: estoy muerto! / |
| Mención de responsabilidad y remanente de la transcripción de la portada | R. L. Stine |
| 250 ## - MENCION DE EDICION | |
| Mención de edición | 1a ed. |
| 260 ## - PIE DE IMPRENTA | |
| Lugar de publicación, distribución, etc | Barcelona: |
| Nombre de la editorial, distribuidor, etc | Montena Mondadori; |
| Fecha de publicación | 2001. |
| 300 ## - DESCRIPCION FISICA | |
| Extension | 158 p. |
| 500 ## - NOTA GENERAL | |
| Nota general | Stine, R. L. (2001). La casa del terror. Abre a puerta. Querido diario: estoy muerto!. (1a ed.). Barcelona : Montena Mondadori. |
| 505 ## - NOTA DE CONTENIDO | |
| Nota de contenido formateada | Tienes en tus manos la llave para entrar en un mundo de sombra, miedo y terror. Deja atrás el confortable y seguro mundo en el que viven, abre la puerta al terror, siempre hay sitio para ti en la Casa el terror. Te presento a Alex Smith, ese chico que corre como un loco a casa a mirar su diario. Y es que Alex nunca ha escrito ni una palabra en su diario pero ayer encontró una misteriosa nota que habla sobre su futuro. Lo que él no sabe es que en cuanto abra el diario estará abriendo la puerta de La casa del terror. |
| 590 ## - NOTAS LOCALES (RLIN) | |
| Nota local | Proyecto 4to libro, Donación Navarro Adriana, febrero 2019 |
| 655 ## - MATERIA - GENERO/FORMA | |
| Género/Forma | Literatura |
| -- | 2917 |
| 942 ## - ADDED ENTRY ELEMENTS (KOHA) | |
| Source of classification or shelving scheme | Dewey Decimal Classification |
| Item type | LITERATURA |
| Estado de retiro | Existencia | Fuente de clasificación | Estado general | No para prestamo | Ubicación permanente | ubicación actual | Sala de ubicación | Fecha de adquisición | Fuente de adquisición | Total Checkouts | Número de clasificación | Código de barras | Date last seen | Número de ejemplar | Price effective from | Koha tipo de elemento (item) | Public note |
|---|---|---|---|---|---|---|---|---|---|---|---|---|---|---|---|---|---|
| Dewey Decimal Classification | Biblioteca Medicina | Biblioteca Medicina | Circulación | 01/03/2019 | Donación Adriana Navarro, febrero 2019 | 808 81 STI | 4384 | 01/03/2019 | Ej. 1 | 01/03/2019 | LITERATURA | Proyecto 4to libro. Donación Adriana Navarro, febrero 2019 |